000
00209 a2200097 4500
001
4762
100
_a
Gallent,R.a
245
_a
Mans reach into space
260
_a
_b
Garden city press
_c
090
_c
3955
_d
3955
942
_a
NUST-CAE
_c
M
_c
30217
999
_c
239835
_d
239835